000 00521nam a2200145Ia 4500
008 100204s9999 xx 000 0 und d
082 _b1271
100 _aबोरकर लक्ष्मीदास
245 _aहिप्पी एक भंकसगिरी
260 _b"प्रिया प्रकाशन, मुंबई"
_c1975
300 _a97
630 _aहिप्पी एक भंकसगिरी
730 _aहिप्पी एक भंकसगिरी
942 _cBOOK
999 _c446438
_d446435